书目信息 |
| 题名: |
生活垃圾卫生填埋场现场运行指南
|
|
| 作者: | 赵由才 , 黄仁华 主编 | |
| 分册: | ||
| 出版信息: | 北京 化学工业出版社 2001.04 |
|
| 页数: | 366页 | |
| 开本: | 19cm | |
| 丛书名: | ||
| 单 册: | ||
| 中图分类: | X799.3 | |
| 科图分类: | ||
| 主题词: | 废物 , 劳动?0 , 废物处理 , 废物综合利用 | |
| 电子资源: | ||
| ISBN: | 7-5025-3091-6 | |
| 000 | 00749nam0 2200241 45 | |
| 001 | 0260870192 | |
| 005 | 2002032716543019 | |
| 010 | @a7-5025-3091-6@dRMB 30.00 | |
| 100 | @a20020327d2001 km y0chiy0120 ea | |
| 101 | 0 | @achi |
| 102 | @aCN@b110000 | |
| 200 | 1 | @a生活垃圾卫生填埋场现场运行指南@ASheng Huo La Ji Wei Sheng Tian Mai Chang Xian Chang Yun Xing Zhi Nan@f赵由才,黄仁华主编@FZhao You Cai,Huang Ren Hua Zhu Bian |
| 210 | @a北京@c化学工业出版社@d2001.04 | |
| 215 | @a366页@d19cm | |
| 606 | 0 | @a废物 |
| 606 | 0 | @a劳动?0 |
| 606 | @a废物处理 | |
| 606 | 0 | @a废物综合利用 |
| 690 | @aX799.3@v3 | |
| 701 | 0 | @a赵由才@AZhao You Cai@4主编 |
| 701 | 0 | @a黄仁华@AHuang Ren Hua@4主编 |
| 801 | 0 | @aCN@bPFT@c20020327 |
| 905 | @a安徽大学@dX799.3@eZ340 | |
| 生活垃圾卫生填埋场现场运行指南/赵由才,黄仁华主编.-北京:化学工业出版社,2001.04 |
| 366页;19cm |
| ISBN 7-5025-3091-6:RMB 30.00 |
| ● |
| 相关链接 |
|
|
|
正题名:生活垃圾卫生填埋场现场运行指南
索取号:X799.3/Z340
 
预约/预借
| 序号 | 登录号 | 条形码 | 馆藏地/架位号 | 状态 | 备注 |
| 1 | 352835 | 203528352 | 自科库501/501自科库 111排2列4层/ [索取号:X799.3/Z340] | 在馆 | |
| 2 | 352836 | 203528361 | 自科库501/501自科库 111排2列4层/ [索取号:X799.3/Z340] | 在馆 | |
| 3 | 352837 | 203528370 | 期刊室512/501自科库 111排2列4层/ [索取号:X799.3/Z340] | 在馆 |